000 00565nam a2200229Ia 4500
005 20250425162032.0
008 250425s9999 xx 000 0 und d
020 _a0130927015
041 _aeng
082 _a621.3
100 _aCOGDELL, J. R.
245 0 _aFOUNDATIONS OF ELECTRICAL ENGINEERING
250 _a2ND ED.
260 _aEstados Unidos
_bPRENTICE HALL
_c1996
260 _aUPPER SADDLE RIVER
300 _a944
650 _aELECTRONICA
650 _aINGENIERIA ELECTRICA
650 _aMOTORES ELECTRICOS
942 _c01
010 _a41649
999 _c221065
_d221065